[Event "Challenge"]
[Site "http://www.queenalice.com/game.php?id=1049111"]
[Date "2012.4.15"]
[Round "-"]
[White "AntoniusBlock"]
[Black "ettorekasparov"]
[Result "0-1"]
[WhiteElo "1255"]
[BlackElo "1288"]

1. e4 Nf6 2. Nc3 e6 3. Nf3 Bc5 4. d4 Bb6 5. Qe2 a6 6. Bd2 Nc6 7. O-O-O Nxd4 8.
Nxd4 Bxd4 9. e5 Nd5 10. Nxd5 exd5 11. Bc3 c5 12. Bxd4 cxd4 13. Rxd4 Qb6 14. Rxd5
O-O 15. g3 Qc6 16. Bg2 a5 17. c3 b5 18. Rxb5 Qxg2 19. Re1 Ba6 20. Qf1 Qc6 21. a4
Qe6 22. Qe2 Rac8 23. Qe3 Rc4 24. Rxa5 Bb7 25. b3 Re4 26. Qd2 Ra8 27. b4 g6 28.
f3 Rc4 29. f4 Rac8 30. Rc5 d6 31. exd6 Re4 32. Rc7 Bc6 33. b5 Rxe1+ 0-1

[Event "Challenge"]
[Site "http://www.queenalice.com/game.php?id=1049112"]
[Date "2012.4.15"]
[Round "-"]
[White "ettorekasparov"]
[Black "Atalxxi"]
[Result "0-1"]
[WhiteElo "1322"]
[BlackElo "1265"]

1. e4 e5 2. Bc4 Nf6 3. Nf3 d5 4. exd5 e4 5. Nd4 Nxd5 6. Nc3 c6 7. Nxe4 Bc5 8.
Nxc5 O-O 9. Bd3 Qe7+ 10. Kf1 Qxc5 11. c3 Nf4 12. b4 Qg5 13. h4 Qxg2+ 14. Ke1
Re8+ 15. Be2 Qxh1# 0-1

[Event "Challenge"]
[Site "http://www.queenalice.com/game.php?id=1049213"]
[Date "2012.4.15"]
[Round "-"]
[White "Atalxxi"]
[Black "ettorekasparov"]
[Result "1-0"]
[WhiteElo "1292"]
[BlackElo "1304"]

1. d4 a5 2. e4 Nf6 3. e5 Ne4 4. Qf3 d5 5. Bd3 a4 6. a3 h5 7. c4 f5 8. Nh3 Be6 9.
c5 Nc6 10. Nc3 Nxd4 11. Qe3 Nb3 12. Rb1 d4 13. Qg5 Nxg5 14. Nxg5 Rh6 15. Nb5
Nxc5 16. Be2 Qd7 17. b4 Nb3 18. Bxh5+ Rxh5 19. Nxe6 Qxe6 20. Nxc7+ Kd7 21. Nxe6
Kxe6 22. Bf4 Rh4 23. g3 Rh5 24. O-O Rc8 25. h4 g5 26. Bxg5 Kxe5 27. Rfe1+ Kd5
28. Bxe7 d3 29. Rbd1 Kd4 30. Bf6+ Kc4 31. f3 Rh6 32. Bg5 Rcc6 33. Bxh6 Bxh6 34.
f4 Kc3 35. Re5 Kc2 36. Rf1 Rg6 37. Kg2 d2 38. b5 d1=Q 39. Rxd1 Kxd1 40. h5 Rd6
41. Rxf5 Rd3 42. Kh3 Nd4 43. Rd5 Bf8 44. Rd8 Bxa3 45. h6 1-0

[Event "Challenge"]
[Site "http://www.queenalice.com/game.php?id=1051086"]
[Date "2012.4.21"]
[Round "-"]
[White "roadrunner"]
[Black "ettorekasparov"]
[Result "1-0"]
[WhiteElo "1329"]
[BlackElo "1276"]

1. e3 e5 2. Qh5 Nf6 3. Qxe5+ Qe7 4. Qxc7 Qd8 5. Qxd8+ Kxd8 6. b3 a5 7. Nf3 Nd5
8. Bc4 Nb4 9. Na3 Be7 10. Ne5 Rf8 11. Nxf7+ Rxf7 12. Bxf7 b6 13. O-O Bf6 14. Rb1
Ke7 15. Bh5 g6 16. Bf3 d5 17. c3 Nd3 18. Bxd5 Ra7 19. Nb5 Rd7 20. Ba3+ Ke8 21.
Be6 Ba6 22. Bxd7+ Nxd7 23. Nc7+ Kd8 24. Nxa6 Be7 25. b4 a4 26. f4 h5 27. Rf3 g5
28. e4 Nxf4 29. Rg3 h4 30. Rf3 b5 31. g3 Nh3+ 32. Kg2 g4 33. Rf7 Nf6 34. gxh4
Nxe4 35. Re1 Nhf2 36. Rxf2 Bxh4 37. Rf8+ Kd7 38. Rxe4 Bg5 39. Nb8+ Kc7 40. Rf7+
Kd6 41. Rxg4 Bxd2 42. Rg6+ Ke5 43. Nc6+ Ke4 44. Re7+ Kf4 45. Rf6+ Kg4 46. Rg7+
Bg5 47. h3+ Kh4 48. Rh7+ Bh6 49. Rhxh6+ Kg5 50. Rd6 Kf4 51. Bc1+ Ke4 52. Rh4+
Kf5 53. Rh5+ Ke4 54. Rd4# 1-0

[Event "Challenge"]
[Site "http://www.queenalice.com/game.php?id=1051746"]
[Date "2012.4.23"]
[Round "-"]
[White "ettorekasparov"]
[Black "gisa2010"]
[Result "0-1"]
[WhiteElo "1289"]
[BlackElo "1356"]

1. h4 b6 2. g4 Ba6 3. Bg2 g6 4. Bxa8 c6 5. h5 Bh6 6. hxg6 fxg6 7. d3 Bc8 8. g5
Bg7 9. Nf3 h6 10. gxh6 Bxh6 11. Ne5 Qc7 12. d4 Nf6 13. f4 Na6 14. f5 gxf5 15.
Bxh6 Qb8 16. Ng6 Rg8 17. Rg1 Qxa8 18. Kd2 Ne4+ 19. Kd3 Nf2+ 20. Kd2 Nxd1 21.
Rxd1 Rxg6 22. Be3 Nb4 23. c3 Nxa2 24. Na3 Rg2 25. Rxa2 Ba6 26. Rg1 Rxe2+ 27. Kd1
Kf7 28. c4 Rxe3 29. b3 c5 30. Rh2 Qf3+ 31. Kc2 cxd4 32. Rh6 d3+ 33. Kc3 d2+ 34.
Kc2 Qf2 0-1

[Event "Challenge"]
[Site "http://www.queenalice.com/game.php?id=1052914"]
[Date "2012.4.26"]
[Round "-"]
[White "ettorekasparov"]
[Black "R0ni"]
[Result "0-1"]
[WhiteElo "1296"]
[BlackElo "2511"]

1. e4 e5 2. h4 Nf6 3. Qe2 Nc6 4. Nf3 Be7 5. h5 d6 6. h6 g6 7. g3 Bg4 8. Qe3 d5
9. exd5 Qxd5 10. Nc3 Qxf3 11. Rg1 Nd4 12. Qxe5 Nxc2# 0-1

[Event "Challenge"]
[Site "http://www.queenalice.com/game.php?id=1054522"]
[Date "2012.4.30"]
[Round "-"]
[White "ettorekasparov"]
[Black "Zoe"]
[Result "0-1"]
[WhiteElo "1325"]
[BlackElo "1812"]

1. e4 c5 2. f3 d6 3. f4 e6 4. Nf3 Nf6 5. d3 Be7 6. g4 Nxg4 7. h4 e5 8. fxe5 Nxe5
9. Rg1 Bg4 10. Bg2 Nxf3+ 11. Bxf3 Bxh4+ 12. Ke2 Bxf3+ 13. Kxf3 Qf6+ 14. Bf4 Nc6
15. Qd2 Nd4+ 16. Ke3 O-O 17. Qa5 Nxc2+ 18. Kf3 Nxa1 19. e5 dxe5 20. Rg4 Qc6+ 21.
Ke2 exf4 22. Rxh4 Rfe8+ 23. Kd2 Qg2+ 24. Kc3 Qc2# 0-1

[Event "Challenge"]
[Site "http://www.queenalice.com/game.php?id=1055884"]
[Date "2012.5.4"]
[Round "-"]
[White "R0ni"]
[Black "ettorekasparov"]
[Result "1-0"]
[WhiteElo "2559"]
[BlackElo "1323"]

1. d4 g6 2. e4 d5 3. exd5 Qxd5 4. Nc3 Qc6 5. Bb5 h5 6. Bxc6+ bxc6 7. Nf3 Be6 8.
d5 cxd5 9. Nxd5 Kd8 10. Qd4 f6 11. Nxf6+ Nd7 12. Nxd7 Ke8 13. Qe4 Rd8 14. Nde5
Nf6 15. Qxg6+ Bf7 16. Qxf7# 1-0

[Event "Challenge"]
[Site "http://www.queenalice.com/game.php?id=1058532"]
[Date "2012.5.11"]
[Round "-"]
[White "ettorekasparov"]
[Black "thierry901"]
[Result "1-0"]
[WhiteElo "1307"]
[BlackElo "1367"]

1. e4 e5 2. d3 Nc6 3. Nf3 d6 4. h4 Nf6 5. Nc3 Bg4 6. h5 Bxh5 7. Rg1 Bxf3 8. gxf3
Be7 9. Rxg7 Qd7 10. Nd5 Nxd5 11. d4 Nxd4 12. exd5 Bf6 13. Rg4 Qf5 14. Bh3 Nxf3+
15. Kf1 Nh2+ 16. Kg2 Nxg4 17. Qxg4 Qxc2 18. Bh6 e4 19. Qd7# 1-0

[Event "oooooooooo "]
[Site "http://www.queenalice.com/game.php?id=1059395"]
[Date "2012.5.14"]
[Round "-"]
[White "ettorekasparov"]
[Black "shabam"]
[Result "0-1"]
[WhiteElo "1274"]
[BlackElo "1552"]

1. Nf3 f6 2. Nc3 d5 3. d4 g5 4. h4 g4 5. Nh2 e6 6. Nxg4 h5 7. Ne3 f5 8. g3 c6 9.
a4 Bb4 10. a5 Bxa5 11. Bd2 b5 12. Ra2 b4 13. Nb1 Na6 14. Ng2 Nf6 15. e3 Ng4 16.
c3 Nf6 17. Qa4 O-O 18. cxb4 Bb6 19. Qxc6 Nc7 20. Nc3 Bd7 21. Qd6 Nfe8 22. Qf4
Nf6 23. Bb5 Nxb5 24. Na4 Bc7 25. Nc5 Bxf4 26. Nb7 Qc7 27. Nc5 Bc8 28. exf4 Nxd4
29. b3 Nf3+ 30. Ke2 Nd4+ 31. Kd3 e5 32. Kc3 Ne4+ 33. Kd3 Nxf2+ 34. Ke3 Nxh1 35.
Ra5 Nc2+ 36. Kd3 Nd4 37. Na6 Qc2+ 38. Ke3 Qxb3+ 39. Bc3 Qxc3# 0-1

[Event "Challenge"]
[Site "http://www.queenalice.com/game.php?id=1060907"]
[Date "2012.5.17"]
[Round "-"]
[White "thierry901"]
[Black "ettorekasparov"]
[Result "1-0"]
[WhiteElo "1349"]
[BlackElo "1303"]

1. e4 g5 2. d4 Nf6 3. Bxg5 Rg8 4. Bxf6 exf6 5. Bc4 Rg5 6. Nf3 Rxg2 7. Nc3 d5 8.
Bxd5 c6 9. Bb3 Bg4 10. Qd3 Qd7 11. Nh4 Bh3 12. Nxg2 Bxg2 13. Rg1 Qh3 14. Qc4
Qxh2 15. Qxf7+ Kd8 16. Qxf8+ Kc7 17. O-O-O Bf3 18. Rg8 Qh5 19. Qd8# 1-0

[Event "Challenge"]
[Site "http://www.queenalice.com/game.php?id=1068110"]
[Date "2012.6.4"]
[Round "-"]
[White "vangogh"]
[Black "ettorekasparov"]
[Result "1-0"]
[WhiteElo "1406"]
[BlackElo "1262"]

1. e4 b5 2. Bxb5 Ba6 3. Ba4 c6 4. Nc3 e6 5. d3 e5 6. Qh5 g6 7. Qxe5+ Be7 8. Qxh8
Kf8 9. Bh6+ Ke8 10. Qxg8+ Bf8 11. Qxf8# 1-0

[Event "Challenge"]
[Site "http://www.queenalice.com/game.php?id=1070216"]
[Date "2012.6.9"]
[Round "-"]
[White "ettorekasparov"]
[Black "gisa2010"]
[Result "1-0"]
[WhiteElo "1252"]
[BlackElo "1411"]

1. h4 e5 2. h5 g6 3. hxg6 fxg6 4. d4 Nf6 5. dxe5 Ne4 6. Qd4 Ng5 7. e6 Rg8 8. Qd5
Nc6 9. Bxg5 Be7 10. exd7+ Kf8 11. Bh6+ Rg7 12. Nc3 Bxd7 13. Bxg7+ Kxg7 14. O-O-O
Bg5+ 15. e3 Bh4 16. Qe4 Bxf2 17. Bc4 Bh4 18. Rxh4 Bf5 19. Qf4 Qf8 20. Rd7+ Ne7
21. Qxc7 Rc8 22. Qxb7 Qh8 23. Rxe7+ Kf8 24. Rhxh7 Qg8 25. Bxg8 Kxg8 26. Re8+
Rxe8 27. Qg7# 1-0

[Event "Challenge"]
[Site "http://www.queenalice.com/game.php?id=1083455"]
[Date "2012.7.16"]
[Round "-"]
[White "Rogerio11"]
[Black "ettorekasparov"]
[Result "1-0"]
[WhiteElo "1264"]
[BlackElo "1269"]

1. e4 a5 2. Bc4 Nf6 3. g4 b6 4. g5 Nxe4 5. Qf3 Bb7 6. d3 Nd6 7. Bb3 Bxf3 8. Nxf3
a4 9. Bxa4 Rxa4 10. b3 Ra5 11. b4 Ra4 12. Bd2 c5 13. bxc5 bxc5 14. d4 cxd4 15.
Bf4 d3 16. cxd3 Rxf4 17. Nbd2 Qa5 18. Rb1 Rb4 19. h4 Na6 20. Nb3 Qxa2 21. Rc1
Qxb3 22. Ne5 Qd5 23. Nc4 Qxh1+ 24. Kd2 Qg2 25. Ne3 1-0

[Event "datti alla dama"]
[Site "http://www.queenalice.com/game.php?id=1083715"]
[Date "2012.7.17"]
[Round "-"]
[White "shabam"]
[Black "ettorekasparov"]
[Result "1-0"]
[WhiteElo "1578"]
[BlackElo "1238"]

1. d4 e6 2. Nf3 c5 3. c3 d6 4. Bg5 f6 5. Bf4 g5 6. Bg3 g4 7. Nfd2 h5 8. Bh4 Bh6
9. e3 Nc6 10. Nc4 b5 11. Ncd2 Bg5 12. Bxb5 Qb6 13. Bxg5 Qxb5 14. Na3 Qa5 15. Bh4
f5 16. Ndc4 Qc7 17. Nb5 Qd7 18. Nbxd6+ Kf8 19. O-O Ba6 20. g3 Bxc4 21. Nxc4 Qd5
22. b3 Rh6 23. Re1 Nf6 24. e4 Nxe4 25. Rc1 Rg6 26. Ne3 Qd6 27. d5 Ne5 28. c4 Rb8
29. Re2 Rb6 30. Nxf5 exf5 31. Re3 Ra6 32. a4 Rb6 33. f3 Nxf3+ 34. Rxf3 gxf3 35.
Qxf3 Ng5 36. Qxf5+ Ke8 37. Bxg5 Qf8 38. Re1+ Rge6 39. Rxe6+ Rxe6 40. Qxe6+ Qe7
41. Qxe7# 1-0

[Event "Challenge"]
[Site "http://www.queenalice.com/game.php?id=1084562"]
[Date "2012.7.19"]
[Round "-"]
[White "Rogerio11"]
[Black "ettorekasparov"]
[Result "1-0"]
[WhiteElo "1280"]
[BlackElo "1253"]

1. e4 e5 2. Bc4 d6 3. Qf3 Nf6 4. g4 Bxg4 5. Qg3 h5 6. h3 Nxe4 7. Qe3 d5 8. Bb3
Bf5 9. d3 d4 10. Qf3 Bb4+ 11. c3 Be7 12. Qxf5 O-O 13. Qxe4 c6 14. Qxe5 Nd7 15.
Qxh5 Nf6 16. Qh4 1-0

[Event "Challenge"]
[Site "http://www.queenalice.com/game.php?id=1097878"]
[Date "2012.8.30"]
[Round "-"]
[White "Joseilton"]
[Black "ettorekasparov"]
[Result "1-0"]
[WhiteElo "2277"]
[BlackElo "1236"]

1. d4 e6 2. c4 Bb4+ 3. Bd2 a5 4. Nc3 c6 5. e4 f5 6. e5 Qb6 7. Nf3 h6 8. Bd3 g5
9. a3 Be7 10. Bc1 g4 11. c5 Qc7 12. Nd2 b6 13. Na4 Ba6 14. Nxb6 Ra7 15. Ndc4 d5
16. exd6 Bxd6 17. Nxd6+ Ke7 18. Nbc8+ Kd8 19. Nxa7 Qxa7 20. Qe2 Ke7 21. Nxf5+
Kd8 22. Nd6 1-0

[Event "Challenge"]
[Site "http://www.queenalice.com/game.php?id=1112772"]
[Date "2012.10.15"]
[Round "-"]
[White "vangogh"]
[Black "ettorekasparov"]
[Result "1-0"]
[WhiteElo "1289"]
[BlackElo "1234"]

1. d4 a5 2. e4 d5 3. e5 h5 4. Nc3 c6 5. Nf3 e6 6. Ng5 f5 7. f4 b5 8. a3 g6 9. a4
b4 10. Na2 h4 11. c3 Na6 12. c4 Rb8 13. c5 b3 14. Nc3 Nb4 15. h3 Nc2+ 16. Kd2
Nxa1 17. Rg1 Nf6 18. Ke3 Nc2+ 19. Kf2 1-0